[Event "Moscow op-E"]
[Site "Moscow"]
[Date "2011.02.05"]
[Round "8.28"]
[White "Nechepurenko, Roman V"]
[Black "Ibrayev, Nurlan"]
[Result "1/2-1/2"]
[WhiteElo "2546"]
[BlackElo "2394"]
[PlyCount "82"]
[EventDate "2011.01.29"]
[EventType "swiss"]
[EventRounds "9"]
[EventCountry "RUS"]
[SourceTitle "EXT 2022"]
[Source "ChessBase"]
[SourceDate "2021.10.06"]
[SourceVersion "1"]
[SourceVersionDate "2021.10.06"]
[SourceQuality "1"]

1. d4 c5 2. d5 d6 3. c4 e5 4. e4 g6 5. Nc3 h5 6. Be2 Bh6 7. Bxh6 Nxh6 8. Qd2 Na6 9. f4 f6 10. Nf3 exf4 11. Qxf4 Nf7 12. 0-0 g5 13. Qd2 Qe7 14. a3 Bd7 15. Rf2 h4 16. Raf1 Rh6 17. Ne1 Ne5 18. Nc2 0-0-0 19. Ne3 Nc7 20. b4 Ne8 21. Bd1 Kb8 22. Ba4 Bc8 23. Bxe8 Rxe8 24. bxc5 dxc5 25. d6 Qd8 26. Nb5 h3 27. Nc7 hxg2 28. Rb1 b6 29. Nxe8 Qxe8 30. d7 Bxd7 31. Qd6+ Ka8 32. Nd5 Qh5 33. Rxg2 Qh4 34. Qc7 Rh8 35. Nxf6 Qf4 36. Nd5 Qxe4 37. Nxb6+ axb6 38. Qxb6 Nf3+ 39. Kh1 Rxh2+ 40. Rxh2 Nd2+ 41. Rg2 Qxb1+ 1/2-1/2

[Event "Moscow op-E"]
[Site "Moscow"]
[Date "2011.01.31"]
[Round "3.56"]
[White "Malygin, Alexander"]
[Black "Nechepurenko, Roman V"]
[Result "0-1"]
[WhiteElo "2192"]
[BlackElo "2546"]
[PlyCount "76"]
[EventDate "2011.01.29"]
[EventType "swiss"]
[EventRounds "9"]
[EventCountry "RUS"]
[SourceTitle "EXT 2022"]
[Source "ChessBase"]
[SourceDate "2021.10.06"]
[SourceVersion "1"]
[SourceVersionDate "2021.10.06"]
[SourceQuality "1"]

1. e4 c5 2. Nc3 e6 3. f4 d5 4. Nf3 Nf6 5. Bb5+ Bd7 6. Qe2 Bxb5 7. Qxb5+ Qd7 8. Ne5 Qxb5 9. Nxb5 Na6 10. exd5 Nxd5 11. 0-0 f6 12. Nc4 Kd7 13. c3 Nb8 14. Ne3 Nc6 15. b3 a6 16. Na3 Bd6 17. Nac4 Bc7 18. Nxd5 exd5 19. Ne3 d4 20. Nd5 Ba5 21. b4 cxb4 22. cxb4 Ke6 23. Nxf6 Nxb4 24. Ne4 Kd5 25. Ng5 Nd3 26. Rf3 Nxc1 27. Rxc1 h6 28. Nh3 Rac8 29. Rb1 Bxd2 30. Rxb7 Be3+ 31. Kf1 Rc1+ 32. Ke2 Rc2+ 33. Kf1 Rhc8 34. Rg3 Rxa2 35. Rb1 Rc7 36. Rd1 Ke4 37. Rg6 Kf5 38. Rd6 Rcc2 0-1

[Event "RUS-chT2 17th"]
[Site "Dagomys"]
[Date "2010.04.03"]
[Round "2"]
[White "Nechepurenko, Roman V"]
[Black "Frolyanov, Dmitry"]
[Result "1-0"]
[WhiteElo "2527"]
[BlackElo "2586"]
[PlyCount "63"]
[EventDate "2010.04.01"]
[EventType "team-tourn"]
[EventRounds "7"]
[EventCountry "RUS"]
[SourceTitle "CBM 135 Extra"]
[Source "ChessBase"]
[SourceDate "2010.05.04"]
[SourceVersion "1"]
[SourceVersionDate "2010.05.04"]
[SourceQuality "1"]

1. d4 d5 2. c4 e6 3. Nc3 c6 4. Nf3 dxc4 5. a4 Bb4 6. e3 b5 7. Bd2 a5 8. axb5 Bxc3 9. Bxc3 cxb5 10. b3 Bb7 11. bxc4 b4 12. Bb2 Nf6 13. Bd3 Nbd7 14. 0-0 0-0 15. Nd2 Bc6 16. Bc2 Qc7 17. e4 a4 18. Bxa4 Nxe4 19. Nxe4 Bxe4 20. Re1 Bc6 21. Bc2 Rxa1 22. Bxa1 Bb7 23. d5 e5 24. Bf5 Bc8 25. Qd3 Nf6 26. Bxc8 Rxc8 27. d6 Qc6 28. Rxe5 Qxc4 29. Qxc4 Rxc4 30. Re1 Nd7 31. Re8+ Nf8 32. Bb2 1-0

[Event "Bashkortostan-ch"]
[Site "Sterlitamak"]
[Date "2010.02.06"]
[Round "9"]
[White "Tukhvatullin, Vladislav"]
[Black "Nechepurenko, Roman V"]
[Result "1/2-1/2"]
[WhiteElo "2256"]
[BlackElo "2509"]
[PlyCount "55"]
[EventDate "2010.02.02"]
[EventType "swiss"]
[EventRounds "9"]
[EventCountry "RUS"]
[SourceTitle "CBM 134 Extra"]
[Source "ChessBase"]
[SourceDate "2010.03.03"]
[SourceVersion "1"]
[SourceVersionDate "2010.03.03"]
[SourceQuality "1"]

1. e4 d6 2. d4 Nf6 3. Nc3 e5 4. dxe5 dxe5 5. Qxd8+ Kxd8 6. Nf3 Bd6 7. Bg5 Be6 8. 0-0-0 Nbd7 9. Bb5 Kc8 10. Bxf6 gxf6 11. Bxd7+ Kxd7 12. Nd5 c6 13. Nxf6+ Ke7 14. Nh5 Rhg8 15. Ng3 Bc5 16. Rd2 Rad8 17. Rhd1 Rxd2 18. Rxd2 f6 19. a3 a5 20. Nh4 Rb8 21. Nhf5+ Kf7 22. Nd6+ Ke7 23. Ngf5+ Kf8 24. Rd3 Bxf2 25. Rh3 Kg8 26. Ne7+ Kg7 27. Ndf5+ Kh8 28. Ng6+ 1/2-1/2

[Event "Bashkortostan-ch"]
[Site "Sterlitamak"]
[Date "2010.02.04"]
[Round "6"]
[White "Atangulov, Rinat"]
[Black "Nechepurenko, Roman V"]
[Result "0-1"]
[WhiteElo "2076"]
[BlackElo "2509"]
[PlyCount "80"]
[EventDate "2010.02.02"]
[EventType "swiss"]
[EventRounds "9"]
[EventCountry "RUS"]
[SourceTitle "CBM 134 Extra"]
[Source "ChessBase"]
[SourceDate "2010.03.03"]
[SourceVersion "1"]
[SourceVersionDate "2010.03.03"]
[SourceQuality "1"]

1. e4 d6 2. Nf3 Nf6 3. d3 e5 4. c4 g6 5. Nc3 Bg7 6. Be2 0-0 7. 0-0 Nbd7 8. b4 a5 9. b5 Nc5 10. Bg5 h6 11. Be3 b6 12. Bxc5 dxc5 13. Rc1 Qd6 14. Nd5 Nh7 15. Ne1 Be6 16. Nc2 Rae8 17. Nce3 f5 18. f3 f4 19. Ng4 h5 20. Nf2 Bh6 21. Rc2 Rf7 22. Qc1 Bg5 23. d4 exd4 24. Nd3 Qf8 25. Nf2 Bh6 26. Bd3 Bg7 27. e5 g5 28. Bg6 Bxd5 29. cxd5 Rxe5 30. Bxf7+ Qxf7 31. Ne4 Qxd5 32. Re1 Nf6 33. Rce2 d3 34. Nxf6+ Bxf6 35. Rxe5 Bxe5 36. Rd1 c4 37. Qb1 Qd4+ 38. Kf1 Qb2 39. Qxb2 Bxb2 40. Ke1 c3 0-1

[Event "Nabereznye Chelny op 8th"]
[Site "Nabereznye Chelny"]
[Date "2010.01.27"]
[Round "9"]
[White "Nechepurenko, Roman V"]
[Black "Frolov, Artiom"]
[Result "1-0"]
[WhiteElo "2509"]
[BlackElo "2437"]
[PlyCount "61"]
[EventDate "2010.01.19"]
[EventType "swiss"]
[EventRounds "9"]
[EventCountry "RUS"]
[SourceTitle "CBM 134 Extra"]
[Source "ChessBase"]
[SourceDate "2010.03.03"]
[SourceVersion "1"]
[SourceVersionDate "2010.03.03"]
[SourceQuality "1"]

1. d4 Nf6 2. c4 c5 3. d5 e6 4. Nc3 exd5 5. cxd5 d6 6. Nf3 g6 7. h3 Bg7 8. e4 0-0 9. Bd3 Na6 10. 0-0 Nc7 11. Re1 Rb8 12. a4 a6 13. Bf4 b5 14. axb5 Nxb5 15. Bxb5 axb5 16. e5 Ne8 17. exd6 Nxd6 18. Ne4 Rb6 19. Nxd6 Rxd6 20. Bxd6 Qxd6 21. Qd2 Bb7 22. Rad1 Ra8 23. Qe2 Ba6 24. Ng5 b4 25. Qf3 Qf6 26. d6 Rd8 27. Qc6 Qxg5 28. Re8+ Rxe8 29. Qxe8+ Bf8 30. d7 Bb7 31. g4 1-0

[Event "Khanty-Mansiysk Governor Cup-A 5th"]
[Site "Khanty-Mansiysk"]
[Date "2009.11.29"]
[Round "7"]
[White "Jumabayev, Rinat"]
[Black "Nechepurenko, Roman V"]
[Result "1-0"]
[WhiteElo "2552"]
[BlackElo "2510"]
[PlyCount "75"]
[EventDate "2009.11.24"]
[EventType "swiss"]
[EventRounds "10"]
[EventCountry "RUS"]
[SourceTitle "EXT 2011"]
[Source "ChessBase"]
[SourceDate "2010.11.26"]
[SourceVersion "1"]
[SourceVersionDate "2010.11.26"]
[SourceQuality "1"]

1. d4 d5 2. Nf3 e6 3. c4 c6 4. Qc2 Nf6 5. Bg5 Nbd7 6. e3 Qa5+ 7. Nbd2 Ne4 8. Bf4 Bb4 9. a3 g5 10. Bg3 h5 11. 0-0-0 Be7 12. Nxe4 dxe4 13. Qxe4 h4 14. Be5 f6 15. Qg6+ Kf8 16. d5 Nxe5 17. Nxe5 fxe5 18. dxe6 Bxe6 19. Qxe6 Rd8 20. Be2 Rh7 21. Rxd8+ Qxd8 22. Rd1 Qa5 23. Qc8+ Kf7 24. Qf5+ Kg8 25. Qg6+ Rg7 26. Qe8+ Bf8 27. Qe6+ Kh8 28. Qh6+ Kg8 29. Bg4 Bxa3 30. Be6+ Kf8 31. Qh8+ Ke7 32. Qxg7+ Kxe6 33. Qg6+ Ke7 34. Qxg5+ Ke6 35. Qg6+ Ke7 36. Qg7+ Ke6 37. Qd7+ Kf6 38. Qd8+ 1-0

[Event "Khanty-Mansiysk Governor Cup-A 5th"]
[Site "Khanty-Mansiysk"]
[Date "2009.11.26"]
[Round "3"]
[White "Shcherbin, Matvei"]
[Black "Nechepurenko, Roman V"]
[Result "0-1"]
[WhiteElo "2262"]
[BlackElo "2510"]
[PlyCount "130"]
[EventDate "2009.11.24"]
[EventType "swiss"]
[EventRounds "10"]
[EventCountry "RUS"]
[SourceTitle "EXT 2011"]
[Source "ChessBase"]
[SourceDate "2010.11.26"]
[SourceVersion "1"]
[SourceVersionDate "2010.11.26"]
[SourceQuality "1"]

1. e4 d6 2. d4 Nf6 3. Nc3 e5 4. dxe5 dxe5 5. Qxd8+ Kxd8 6. Bc4 Be6 7. Bxe6 fxe6 8. f3 Bd6 9. Be3 Nc6 10. 0-0-0 Ke7 11. Nh3 Rhb8 12. Nf2 b5 13. Nd3 Nd7 14. Rhf1 h6 15. g3 a6 16. f4 Nf6 17. Bc5 Nd7 18. Bg1 Rf8 19. f5 Rad8 20. h3 Na5 21. g4 Nb7 22. Ne2 c5 23. Ng3 c4 24. Ne1 c3 25. bxc3 Ba3+ 26. Kd2 Ndc5+ 27. Nd3 Na4 28. Nh5 exf5 29. exf5 e4 30. Rde1 Nd6 31. Bd4 Nc4+ 32. Ke2 exd3+ 33. cxd3 Nd6 34. Bxg7 Rfe8 35. Bxh6 Kf7+ 36. Kf3 Rxe1 37. Rxe1 Nxc3 38. Re6 Nd5 39. Nf4 Nc7 40. Rg6 Rg8 41. Bg5 Rxg6 42. Nxg6 Nd5 43. Ne5+ Kg7 44. Bd2 Bb2 45. Nc6 Bc3 46. Bf4 Nxf4 47. Kxf4 a5 48. g5 a4 49. f6+ Kf7 50. h4 b4 51. Na5 b3 52. Nxb3 axb3 53. axb3 Ke6 54. Kg4 Nf7 55. Kh5 Ne5 56. b4 Kf7 57. b5 Bd4 58. Kh6 Be3 59. b6 Bxb6 60. Kh7 Be3 61. d4 Ng6 62. h5 Nf8+ 63. Kh6 Ne6 64. d5 Bxg5+ 65. Kh7 Nf8+ 0-1

[Event "Khanty-Mansiysk Governor Cup-A 5th"]
[Site "Khanty-Mansiysk"]
[Date "2009.11.25"]
[Round "2"]
[White "Nechepurenko, Roman V"]
[Black "Khismatullin, Denis Rimovich"]
[Result "0-1"]
[WhiteElo "2510"]
[BlackElo "2601"]
[PlyCount "52"]
[EventDate "2009.11.24"]
[EventType "swiss"]
[EventRounds "10"]
[EventCountry "RUS"]
[SourceTitle "EXT 2011"]
[Source "ChessBase"]
[SourceDate "2010.11.26"]
[SourceVersion "1"]
[SourceVersionDate "2010.11.26"]
[SourceQuality "1"]

1. d4 Nf6 2. c4 g6 3. Nc3 Bg7 4. e4 0-0 5. Nf3 c6 6. Be2 d5 7. e5 Ne4 8. 0-0 Nxc3 9. bxc3 dxc4 10. Bxc4 c5 11. Re1 Bg4 12. h3 Bxf3 13. Qxf3 Nc6 14. Rd1 Qa5 15. Bd5 cxd4 16. cxd4 Nxd4 17. Rxd4 Qe1+ 18. Kh2 Qxe5+ 19. Rf4 Qxa1 20. Rxf7 Kh8 21. Be3 Qe5+ 22. g3 Rxf7 23. Bxf7 Rf8 24. Bxa7 e6 25. Bb6 Qd6 26. Qxb7 Rb8 0-1

[Event "Khanty-Mansiysk Governor Cup-A 5th"]
[Site "Khanty-Mansiysk"]
[Date "2009.11.24"]
[Round "1"]
[White "Yuzhakov, Oleg"]
[Black "Nechepurenko, Roman V"]
[Result "0-1"]
[WhiteElo "2283"]
[BlackElo "2510"]
[PlyCount "58"]
[EventDate "2009.11.24"]
[EventType "swiss"]
[EventRounds "10"]
[EventCountry "RUS"]
[SourceTitle "EXT 2011"]
[Source "ChessBase"]
[SourceDate "2010.11.26"]
[SourceVersion "1"]
[SourceVersionDate "2010.11.26"]
[SourceQuality "1"]

1. e4 c5 2. c3 g6 3. d4 cxd4 4. cxd4 d5 5. e5 Nc6 6. Nc3 Bg7 7. Nge2 f6 8. f4 Nh6 9. Ng3 0-0 10. Be2 Be6 11. 0-0 fxe5 12. dxe5 d4 13. Na4 Bd5 14. b3 e6 15. Nc5 g5 16. Nh5 Nf5 17. Nxg7 Kxg7 18. Bd3 gxf4 19. Rxf4 Qe7 20. Qh5 Nxe5 21. Bxf5 Rxf5 22. Rxf5 exf5 23. Bh6+ Kh8 24. Qxf5 Rg8 25. g3 Nf3+ 26. Kf2 Re8 27. Qc2 Nxh2 28. Bf4 Ng4+ 29. Kg1 Qe1+ 0-1

[Event "Ufa-ch"]
[Site "Ufa"]
[Date "2009.03.19"]
[Round "11"]
[White "Glidzhain, Gor Mikhailovich"]
[Black "Nechepurenko, Roman V"]
[Result "0-1"]
[WhiteElo "2268"]
[BlackElo "2503"]
[PlyCount "108"]
[EventDate "2009.03.01"]
[EventType "tourn"]
[EventRounds "11"]
[EventCountry "RUS"]
[EventCategory "2"]
[SourceTitle "EXT 2010"]
[Source "ChessBase"]
[SourceDate "2010.11.25"]
[SourceVersion "1"]
[SourceVersionDate "2010.11.25"]
[SourceQuality "1"]

1. e4 c5 2. Nf3 d6 3. d4 cxd4 4. Nxd4 Nf6 5. Nc3 a6 6. Be2 e5 7. Nb3 Be7 8. Be3 0-0 9. f3 Be6 10. Nd5 Bxd5 11. exd5 Nbd7 12. Qd2 Rc8 13. Na5 Qc7 14. c4 Bd8 15. b4 Qb8 16. 0-0 Bxa5 17. bxa5 Qc7 18. Rab1 Nc5 19. Kh1 Qe7 20. Bxc5 Rxc5 21. Rb6 Rd8 22. Rfb1 Rd7 23. Qb4 g6 24. Bf1 Kg7 25. h3 Nh5 26. Rxb7 Ng3+ 27. Kg1 Nxf1 28. Rxd7 Qxd7 29. Kxf1 Qf5 30. Qb3 Qf4 31. Rd1 Qxc4+ 32. Qxc4 Rxc4 33. Rb1 Rc5 34. Rb6 Rxd5 35. Rxa6 Kf6 36. Ke2 Ke6 37. g4 Rd4 38. Ra8 Ra4 39. a6 Rxa2+ 40. Ke3 Kd5 41. Rf8 Ra3+ 42. Kf2 Ke6 43. Re8+ Kf6 44. Ra8 h5 45. gxh5 gxh5 46. h4 Kf5 47. Rh8 Rxa6 48. Kg3 Kg6 49. Rg8+ Kh6 50. Rg5 f6 51. Rg8 Kh7 52. Rd8 Kg7 53. f4 Ra3+ 54. Kg2 Ra4 0-1

[Event "Ufa-ch"]
[Site "Ufa"]
[Date "2009.03.17"]
[Round "10"]
[White "Nechepurenko, Roman V"]
[Black "Darmin, Dmitry"]
[Result "1-0"]
[WhiteElo "2503"]
[BlackElo "2367"]
[PlyCount "67"]
[EventDate "2009.03.01"]
[EventType "tourn"]
[EventRounds "11"]
[EventCountry "RUS"]
[EventCategory "2"]
[SourceTitle "EXT 2010"]
[Source "ChessBase"]
[SourceDate "2010.11.25"]
[SourceVersion "1"]
[SourceVersionDate "2010.11.25"]
[SourceQuality "1"]

1. d4 Nf6 2. Nf3 e6 3. c4 b6 4. Nc3 Bb7 5. a3 d5 6. Bg5 Be7 7. e3 0-0 8. Rc1 dxc4 9. Bxc4 c5 10. 0-0 cxd4 11. exd4 Nc6 12. Ba2 Nd5 13. Bxe7 Ncxe7 14. Ne5 Nf4 15. Nf3 Neg6 16. g3 Nh4 17. d5 Nxf3+ 18. Qxf3 Nxd5 19. Nxd5 Bxd5 20. Bxd5 Qxd5 21. Qxd5 exd5 22. Rfd1 Rfd8 23. Rc7 Rd6 24. Re1 Re6 25. Rxe6 fxe6 26. Kf1 Kf8 27. Ke2 e5 28. Kd3 Re8 29. Rxa7 Re7 30. Rxe7 Kxe7 31. f4 e4+ 32. Kd4 Kd6 33. a4 h5 34. b4 1-0

[Event "Ufa-ch"]
[Site "Ufa"]
[Date "2009.03.11"]
[Round "6"]
[White "Nechepurenko, Roman V"]
[Black "Nozdrin, Alexander V"]
[Result "1/2-1/2"]
[WhiteElo "2503"]
[BlackElo "2399"]
[PlyCount "91"]
[EventDate "2009.03.01"]
[EventType "tourn"]
[EventRounds "11"]
[EventCountry "RUS"]
[EventCategory "2"]
[SourceTitle "EXT 2010"]
[Source "ChessBase"]
[SourceDate "2010.11.25"]
[SourceVersion "1"]
[SourceVersionDate "2010.11.25"]
[SourceQuality "1"]

1. d4 Nf6 2. c4 d6 3. Nf3 g6 4. Nc3 Bg7 5. e4 0-0 6. Be2 e5 7. 0-0 exd4 8. Nxd4 Nc6 9. Be3 Re8 10. f3 Nh5 11. Qd2 Nf4 12. Nxc6 Nxe2+ 13. Nxe2 bxc6 14. Bd4 Bxd4+ 15. Qxd4 Qe7 16. b3 Qe5 17. Rad1 f5 18. Nc3 Qxd4+ 19. Rxd4 Kg7 20. c5 dxc5 21. Ra4 c4 22. bxc4 fxe4 23. Nxe4 Bf5 24. Re1 Bxe4 25. Rxe4 Rxe4 26. fxe4 a5 27. Kf2 Kf6 28. Ke3 Ke5 29. Ra3 a4 30. g3 g5 31. h3 h5 32. Rd3 Ke6 33. Rd2 Rf8 34. Rf2 Rxf2 35. Kxf2 c5 36. h4 gxh4 37. gxh4 Kd6 38. a3 Ke5 39. Kf3 Kd4 40. Kf4 Kxc4 41. e5 Kd5 42. Kf5 c4 43. e6 Kd6 44. Kf6 c3 45. e7 c2 46. e8Q 1/2-1/2

[Event "Ufa-ch"]
[Site "Ufa"]
[Date "2009.03.03"]
[Round "2"]
[White "Guzairov, Arthur"]
[Black "Nechepurenko, Roman V"]
[Result "0-1"]
[WhiteElo "2027"]
[BlackElo "2503"]
[PlyCount "92"]
[EventDate "2009.03.01"]
[EventType "tourn"]
[EventRounds "11"]
[EventCountry "RUS"]
[EventCategory "2"]
[SourceTitle "EXT 2010"]
[Source "ChessBase"]
[SourceDate "2010.11.25"]
[SourceVersion "1"]
[SourceVersionDate "2010.11.25"]
[SourceQuality "1"]

1. c4 Nf6 2. Nc3 e6 3. Nf3 d5 4. d4 c6 5. e3 Bd6 6. Bd3 Nbd7 7. e4 dxe4 8. Nxe4 Nxe4 9. Bxe4 e5 10. 0-0 h6 11. Bf5 exd4 12. Re1+ Kf8 13. Qxd4 Bc5 14. Qd3 g6 15. Bxg6 Kg7 16. Bf5 Nf6 17. Qxd8 Rxd8 18. Bxc8 Raxc8 19. Be3 Nd7 20. Nd4 Kg6 21. Nf3 a5 22. g3 Bxe3 23. Rxe3 Nc5 24. Rae1 Kf6 25. Ne5 Rc7 26. f4 h5 27. h4 b6 28. Kf2 Kf5 29. Kg2 f6 30. Nf3 Rcd7 31. Re8 Nd3 32. R1e2 Rxe8 33. Rxe8 Nxb2 34. c5 bxc5 35. Rh8 Kg6 36. Rg8+ Kf7 37. Rc8 Rd6 38. Ra8 Nc4 39. Kf2 Rd3 40. f5 Kg7 41. Ra7+ Kh6 42. Ne1 Rd2+ 43. Kf3 Ne5+ 44. Ke3 Rxa2 45. Ra8 c4 46. Kd4 Re2 0-1

[Event "Zvenigorod Autumn op-A"]
[Site "Zvenigorod"]
[Date "2008.09.26"]
[Round "2"]
[White "Frolyanov, Dmitry"]
[Black "Nechepurenko, Roman V"]
[Result "1/2-1/2"]
[WhiteElo "2567"]
[BlackElo "2476"]
[PlyCount "56"]
[EventDate "2008.09.25"]
[EventType "swiss"]
[EventRounds "9"]
[EventCountry "RUS"]
[SourceTitle "EXT 2009"]
[Source "ChessBase"]
[SourceDate "2008.11.26"]
[SourceVersion "1"]
[SourceVersionDate "2008.11.26"]
[SourceQuality "1"]

1. e4 c5 2. Nf3 d6 3. d4 cxd4 4. Nxd4 Nf6 5. Nc3 a6 6. Be2 e5 7. Nb3 Be7 8. 0-0 0-0 9. a4 Be6 10. Bf3 Nbd7 11. a5 Qc7 12. Re1 h6 13. Be3 Rfc8 14. h3 b5 15. axb6 Nxb6 16. Na5 Rab8 17. Qd2 Nc4 18. Nxc4 Bxc4 19. Reb1 a5 20. Qe1 Bd8 21. Bd2 Qc6 22. b3 Be6 23. Rc1 Bb6 24. Na4 Bd4 25. Rab1 d5 26. exd5 Bxd5 27. Bxd5 Qxd5 28. Be3 Qe4 1/2-1/2

[Event "Wch U20"]
[Site "Gaziantep"]
[Date "2008.08.12"]
[Round "10"]
[White "Rombaldoni, Denis"]
[Black "Nechepurenko, Roman V"]
[Result "1/2-1/2"]
[WhiteElo "2418"]
[BlackElo "2476"]
[PlyCount "89"]
[EventDate "2008.08.03"]
[EventType "swiss"]
[EventRounds "13"]
[EventCountry "TUR"]
[SourceTitle "CBM 125 Extra"]
[Source "ChessBase"]
[SourceDate "2008.09.01"]
[SourceVersion "1"]
[SourceVersionDate "2008.09.01"]
[SourceQuality "1"]

1. d4 Nf6 2. c4 c5 3. d5 e5 4. Nc3 d6 5. e4 Be7 6. Nf3 0-0 7. h3 h6 8. Bd3 Nbd7 9. g4 Re8 10. g5 hxg5 11. Nxg5 Nf8 12. Rg1 N8h7 13. h4 g6 14. Be3 Kg7 15. Nxh7 Kxh7 16. Be2 Rh8 17. h5 Kg7 18. f4 Qb6 19. h6+ Rxh6 20. fxe5 Rh3 21. exf6+ Bxf6 22. Na4 Bh4+ 23. Bf2 Qb4+ 24. Kf1 Bxf2 25. a3 Rh2 26. axb4 Bh3+ 27. Rg2 Rxg2 28. Bf3 Rh2+ 29. Ke2 cxb4 30. Kd3 Bd7 31. Qd2 Rah8 32. Rf1 Bc5 33. Qd1 Bxa4 34. Qxa4 Rxb2 35. Rh1 Rxh1 36. Bxh1 Rb1 37. Bf3 b3 38. Be2 Rg1 39. Qb5 Rg3+ 40. Kd2 Be3+ 41. Kc3 Bf4+ 42. Bd3 Be5+ 43. Kd2 Bf4+ 44. Kc3 Be5+ 45. Kd2 1/2-1/2

[Event "Wch U20"]
[Site "Gaziantep"]
[Date "2008.08.05"]
[Round "4"]
[White "Laznicka, Viktor"]
[Black "Nechepurenko, Roman V"]
[Result "1-0"]
[WhiteElo "2601"]
[BlackElo "2476"]
[PlyCount "43"]
[EventDate "2008.08.03"]
[EventType "swiss"]
[EventRounds "13"]
[EventCountry "TUR"]
[SourceTitle "CBM 125 Extra"]
[Source "ChessBase"]
[SourceDate "2008.09.01"]
[SourceVersion "1"]
[SourceVersionDate "2008.09.01"]
[SourceQuality "1"]

1. Nf3 Nf6 2. c4 g6 3. Nc3 d5 4. cxd5 Nxd5 5. Qa4+ Nc6 6. Ne5 Ndb4 7. a3 Bg7 8. axb4 Bxe5 9. b5 Nb8 10. g3 c6 11. Bg2 0-0 12. 0-0 Bd7 13. Qb4 Bd6 14. Qh4 Qb6 15. d3 cxb5 16. Be3 Qc7 17. Nd5 Qd8 18. Nb6 Nc6 19. Nxa8 Qxa8 20. Bxa7 Nxa7 21. Qd4 Nc6 22. Bxc6 1-0

[Event "Izmailov Memorial op 12th"]
[Site "Tomsk"]
[Date "2008.06.28"]
[Round "4"]
[White "Krivonos, Nikolay"]
[Black "Nechepurenko, Roman V"]
[Result "0-1"]
[WhiteElo "2303"]
[BlackElo "2485"]
[PlyCount "82"]
[EventDate "2008.06.25"]
[EventType "swiss"]
[EventRounds "9"]
[EventCountry "RUS"]
[SourceTitle "CBM 125 Extra"]
[Source "ChessBase"]
[SourceDate "2008.09.01"]
[SourceVersion "1"]
[SourceVersionDate "2008.09.01"]
[SourceQuality "1"]

1. Nf3 Nf6 2. c4 g6 3. b3 Bg7 4. Bb2 0-0 5. g3 d6 6. Bg2 c5 7. 0-0 Nc6 8. d4 Bg4 9. d5 Na5 10. Bc3 Ne4 11. Bxg7 Kxg7 12. Qc2 Nf6 13. e4 a6 14. Nbd2 Bxf3 15. Bxf3 Qc7 16. Be2 e6 17. f4 b6 18. g4 e5 19. g5 Ng8 20. f5 f6 21. fxg6 hxg6 22. gxf6+ Nxf6 23. Nf3 Qe7 24. Nd2 Nh7 25. Qd3 Nb7 26. Kh1 Rxf1+ 27. Rxf1 Rf8 28. Rg1 Qh4 29. Bg4 Nd8 30. Nf3 Qh6 31. Qe2 Kh8 32. Qg2 Nf6 33. Nd2 Kh7 34. Bd1 Nf7 35. Nf1 Ng5 36. Ng3 Nh3 37. Rf1 Nf4 38. Qc2 Kg7 39. Kg1 Nh3+ 40. Kg2 Nf4+ 41. Kg1 Rh8 0-1